<?xml version="1.0" encoding="UTF-8"?>
<marc:record xmlns:marc="http://www.loc.gov/MARC21/slim">
   <marc:leader>00000nam a2200000 a 4500</marc:leader>
   <marc:datafield ind1="1" ind2=" " tag="100">
      <marc:subfield code="a">Lange, Monika</marc:subfield>
      <marc:subfield code="4">aut</marc:subfield>
      <marc:subfield code="e">Verfasser/-in</marc:subfield>
   </marc:datafield>
   <marc:datafield ind1=" " ind2=" " tag="653">
      <marc:subfield code="a">Natur</marc:subfield>
   </marc:datafield>
   <marc:datafield ind1="0" ind2="0" tag="245">
      <marc:subfield code="a">Im Moos ist was los!</marc:subfield>
   </marc:datafield>
   <marc:datafield ind1="0" ind2="0" tag="245">
      <marc:subfield code="b">Abenteuer Waldboden</marc:subfield>
   </marc:datafield>
   <marc:datafield ind1=" " ind2="1" tag="264">
      <marc:subfield code="b">Sauerländer</marc:subfield>
      <marc:subfield code="c">2009</marc:subfield>
   </marc:datafield>
   <marc:datafield ind1="1" ind2=" " tag="520">
      <marc:subfield code="a">Fotobuch mit erklärenden Texten. (ab 5) (JN) Ein klassisches Fotobilderbuch über Tiere und ihre Abenteuer, die sich am Waldboden beobachten lassen, ein Buch, das neugierig macht auf Wald und Natur, ideal zum Anschauen, Vorlesen und Weitererzählen. Der Text ist kurz gehalten und klar und erfinderisch in manchen Ausdrücken: Wir erfahren von käfer-kleinen und wurm-kleinen Tieren, dem Krachmacher-Igel und davon, wie es im Wald denn so schnirkel-schneckt den ganzen lieben Tag. Die großformatigen Fotos auf den linken Seiten geben viele Anlässe zu kindlichen Fragen. Ein Buch zum gemeinsamen Entdecken der Natur, für geruhsame Sofastunden für Eltern und Kinder. *bn* Josef Kunz</marc:subfield>
   </marc:datafield>
   <marc:datafield ind1=" " ind2=" " tag="020">
      <marc:subfield code="a">9783794191611</marc:subfield>
      <marc:subfield code="9">9783794191611</marc:subfield>
   </marc:datafield>
</marc:record>
